LIBRARY & INFORMATION CENTRE, KCAET, TAVANUR

ONLINE PUBLIC ACCESS CATALOGUE (OPAC)

Essays on the commercialisation of Indian agriculture / (Record no. 9344)

MARC details
000 -LEADER
fixed length control field 00549cam a2200205ua 4500
041 ## - LANGUAGE CODE
Language code of text/sound track or separate title eng
082 ## - DEWEY DECIMAL CLASSIFICATION NUMBER
Classification number 630.2954
Item number RAJ/ES
100 ## - MAIN ENTRY--AUTHOR NAME
Personal name Raj, K N .
245 ## - TITLE STATEMENT
Title Essays on the commercialisation of Indian agriculture /
250 ## - EDITION STATEMENT
Edition statement 1 /
260 ## - PUBLICATION, DISTRIBUTION, ETC. (IMPRINT)
Place of publication Delhi :
Name of publisher Oxford University Press ,
Year of publication 1985.
300 ## - PHYSICAL DESCRIPTION
Number of Pages 354 ; .
700 1# - ADDED ENTRY--PERSONAL NAME
Personal name Neeladri, Bhattacharya .
700 1# - ADDED ENTRY--PERSONAL NAME
Personal name Sumit Guha, Shakti Pathi .
942 ## - ADDED ENTRY ELEMENTS (KOHA)
Koha item type Books
Holdings
Withdrawn status Lost status Damaged status Home library Current library Date acquired Full call number Accession Number Koha item type
      KAUAET KAUAET 11/11/1987 630.2954 16375 Books
free website counter